Soccer Knowledge by Letter - E - Statistics

General Stats
  • This quiz has been taken 26 times
  • The average score is 8 of 10
Answer Stats
Hint Answer % Correct
How many players areon the field? Eleven
100%
Rivalry between Real Madridand FC Barcelona El Clásico
92%
Arsenal stadium Emirates Stadium
88%
Never been relegated inthe EPL, but also never won a title Everton
88%
The "Other" clubin Barcelona Espanyol
83%
All-time top scorer forCameroon Samuel Eto'o
83%
Man City stadium Etihad Stadium
75%
Legendary Man CityGoalkeeper Ederson
71%
Won the Europa Leaguein 2022 Eintracht Frankfurt
50%
The "Black Panther" Eusébio
33%
No matching quizzes found
Score Distribution
Percent of People with Each Score
Percentile by Number Answered
Your Score History
You have not taken this quiz